<?xml version="1.0" encoding="UTF-8"?>
<marc:record xmlns:marc="http://www.loc.gov/MARC21/slim">
   <marc:leader>00000nam a2200000 a 4500</marc:leader>
   <marc:datafield ind1="1" ind2=" " tag="100">
      <marc:subfield code="a">Herold, Birgit</marc:subfield>
      <marc:subfield code="4">aut</marc:subfield>
      <marc:subfield code="e">Verfasser/-in</marc:subfield>
   </marc:datafield>
   <marc:datafield ind1="0" ind2="0" tag="245">
      <marc:subfield code="a">Die Schreiberin</marc:subfield>
   </marc:datafield>
   <marc:datafield ind1="0" ind2="0" tag="245">
      <marc:subfield code="b">historischer Roman</marc:subfield>
   </marc:datafield>
   <marc:datafield ind1="0" ind2="0" tag="245">
      <marc:subfield code="c">Birgit Herold</marc:subfield>
   </marc:datafield>
   <marc:datafield ind1=" " ind2="1" tag="264">
      <marc:subfield code="a">Frankfurt am Main</marc:subfield>
      <marc:subfield code="b">Krüger</marc:subfield>
      <marc:subfield code="c">2024</marc:subfield>
   </marc:datafield>
   <marc:datafield ind1=" " ind2=" " tag="250">
      <marc:subfield code="a">Originalausgabe</marc:subfield>
   </marc:datafield>
   <marc:datafield ind1="1" ind2=" " tag="520">
      <marc:subfield code="a">Clara ist Schreiberin. Sie kann, was im Mittelalter kaum eine Frau und nur wenige Männer beherrschen – mit Feder und Tinte Worte festhalten. Und sie erkennt die Macht der Worte. Als sie sich in den verheirateten Buchmaler Johann verliebt, muss sie mit ihm aus der Fugger-Stadt Augsburg fliehen. In Mainz finden sie Arbeit in Johannes Gutenbergs Werkstatt. Gutenberg fürchtet Konkurrenten, die seine bahnbrechende Erfindung stehlen wollen. Denn der Buchdruck wird die Welt verändern. Als Clara einen Verräter entdeckt, gerät sie selbst in Gefahr. Wird Gutenberg ihr glauben? Kann sie auf Johann zählen? Clara muss einen Weg finden, ihre eigene Geschichte zu schreiben.&#xD;
&#xD;
&#xD;
Clara Hätzlerin hat es wirklich gegeben. Birgit Herold erweckt ihr bemerkenswertes Schicksal zum Leben.</marc:subfield>
   </marc:datafield>
   <marc:datafield ind1=" " ind2=" " tag="020">
      <marc:subfield code="a">9783810500649</marc:subfield>
      <marc:subfield code="9">9783810500649</marc:subfield>
   </marc:datafield>
   <marc:datafield ind1=" " ind2=" " tag="020">
      <marc:subfield code="a">381050064X</marc:subfield>
      <marc:subfield code="9">381050064X</marc:subfield>
   </marc:datafield>
   <marc:datafield ind1=" " ind2=" " tag="041">
      <marc:subfield code="a">ger</marc:subfield>
   </marc:datafield>
   <marc:datafield ind1=" " ind2=" " tag="300">
      <marc:subfield code="a">508 Seiten</marc:subfield>
   </marc:datafield>
</marc:record>
